书目信息 |
| 题名: |
实用运动保健问答
|
|
| 作者: | 高言诚 编著 | |
| 分册: | ||
| 出版信息: | 北京 人民体育出版社 1993 |
|
| 页数: | 202页 | |
| 开本: | 19cm | |
| 丛书名: | 教练员实用基础理论丛书 | |
| 单 册: | ||
| 中图分类: | G804.3 | |
| 科图分类: | ||
| 主题词: | 体育保健学--基本知识--问答 | |
| 电子资源: | ||
| ISBN: | 7-5009-0926-8 | |
| 000 | 00672nam0 2200217 45 | |
| 001 | 0310261889 | |
| 005 | 20031219104120.7 | |
| 010 | @a7-5009-0926-8@dCNY10.00 | |
| 100 | @a20031026d1993 km y0chiy0120 ea | |
| 101 | 0 | @achi |
| 105 | @a z 000yy | |
| 200 | 1 | @a实用运动保健问答@AShi Yong Yun Dong Bao Jian Wen Da@f高言诚等编著@FGao Yan Cheng Deng Bian Zhu |
| 210 | @a北京@c人民体育出版社@d1993 | |
| 215 | @a202页@d19cm | |
| 225 | @a教练员实用基础理论丛书 | |
| 410 | @12001 @a教练员实用基础理论丛书 | |
| 606 | 0 | @a体育保健学@x基本知识@x问答 |
| 690 | @aG804.3@v4 | |
| 701 | @a高言诚@4编著 | |
| 801 | @aCN@bTSTC@c20031026 | |
| 905 | @a213230@b327328-330@dG804.3@e113@f3 | |
| 实用运动保健问答/高言诚等编著.-北京:人民体育出版社,1993 |
| 202页;19cm.-(教练员实用基础理论丛书) |
| ISBN 7-5009-0926-8:CNY10.00 |
| ● |
| 相关链接 |
|
|
|
|
正题名:实用运动保健问答
索取号:G804.3/113
 
预约/预借
| 序号 | 登录号 | 条形码 | 馆藏地/架位号 | 状态 | 备注 |
| 1 | 0327328 | 203273288 | 第四借阅区/ [索取号:G804.3/113] | 在馆 | |
| 2 | 0327329 | 203273297 | 第四借阅区/ [索取号:G804.3/113] | 在馆 | |
| 3 | 0327330 | 203273304 | 第一样本阅览室/ [索取号:G804.3/113] | 在馆 |